Normal view
MARC view
- Kom M & Serto D
Entry Personal Name
001 - CONTROL NUMBER
- control field: 118027
003 - CONTROL NUMBER IDENTIFIER
- control field: OSt
005 - DATE AND TIME OF LATEST TRANSACTION
- control field: 20230125045638.0
008 - FIXED-LENGTH DATA ELEMENTS
- fixed length control field: 230125|| aca||aabn | a|a d
040 ## - CATALOGING SOURCE
- Original cataloging agency: OSt
- Transcribing agency: OSt
100 ## - HEADING--PERSONAL NAME
- Personal name: Kom M & Serto D
670 ## - SOURCE DATA FOUND
- Source citation: Work cat.: (OSt)96003: Kom M 118026, Unbreakable: An Autobiography, 2013